00317pab a2200121 454500008004000000100002100040245003700061260000900098300001000107362001400117650003800131773002600169180718b1985 xxu||||| |||| 00| 0 eng d aFewsmith, Joseph aRural reform in ChinabStage two c1985 a48-55 aJuly-Aug. aAgriculture - Legislation - China aProblems of Communism